Movies Quiz

Random Movies or Pixar Quiz

Disney Pixar Quiz Stats

 Plays Quiz not verified by Sporcle

Support Sporcle.
Go Orange.
Score 0/21 Timer 06:00
0 Plays Today
Hint Answer % Correct
2010Toy Story 3
96.7%
2001Monsters, Inc
96.7%
1999Toy Story 2
96.7%
1995Toy Story
96.7%
2013Monsters University
95%
2009Up
95%
2018The Incredibles 2
93.3%
2016Finding Dory
93.3%
2012Brave
93.3%
2004The Incredibles
93.3%
2003Finding Nemo
93.3%
Hint Answer % Correct
2019Toy Story 4
93.3%
2015Inside Out
91.7%
1998A Bug’s Life
90%
2017Cars 3
88.3%
2006Cars
88.3%
2011Cars 2
86.7%
2008Wall E
85%
2007Ratatouille
85%
2017Coco
83.3%
2015The Good Dinosaur
80%

You're not logged in!

Compare scores with friends on all Sporcle quizzes.
OR
Log In

From the Vault

Movie Titles Abroad (1970s)

by jar514

Some of these title translators had to get creative.
Remove Ads.
Support Sporcle.
Get the best of Sporcle when you Go Orange. This ad-free experience offers more features, more stats, and more fun while also helping to support Sporcle. Thank you for becoming a member.

Show Comments

Extras

Top Quizzes Today


Score Distribution

Your Account Isn't Verified!

In order to create a playlist on Sporcle, you need to verify the email address you used during registration. Go to your Sporcle Settings to finish the process.

Report this User

Report this user for behavior that violates our Community Guidelines.

Details: